| 000 | 01075nam a2200265 a 4500 | ||
|---|---|---|---|
| 001 | 000024870 | ||
| 005 | 20250225115440.0 | ||
| 008 | 100712s1982 gw 000 | spa d | ||
| 020 | _a3923120206 | ||
| 040 |
_aDO-SdBNP _bspa _cBNPHU |
||
| 041 | 1 | 7 |
_ager _hspa _2Código de idioma MARC |
| 082 |
_a507.2 _bH117f |
||
| 245 | 0 | 0 |
_aHacia las fronteras del conocimiento : _bnovedades de la Deutsche Forschungsgemeinschaft; Comunidad Alemana de Investigaciones Científicas / _cselección y edición Frank Grunhagen. |
| 260 |
_aBonn-Bad Godesberg, (Alemania) : _bVerlag Deutscher Forschungsdienst, _c1982. |
||
| 300 |
_a127 p. ; _c20 cm. |
||
| 534 |
_aTítulo original : _tTranslated from the German. |
||
| 500 | _aIncluye notas al pie de las páginas | ||
| 504 | _aIncluye referencias bibliográficas | ||
| 650 | 4 |
_aInvestigaciones científicas _951041 |
|
| 650 | 0 |
_aCIENCIA - _xHISTORIA _925748 |
|
| 650 | 4 |
_aInformación científica _951042 |
|
| 700 | 1 |
_aGrunhagen , Frank _eed. _951043 |
|
| 710 | 2 |
_aComunidad Alemana de Investigaciones Científicas _951044 |
|
| 049 | _aBNGR | ||
| 999 |
_c24363 _d24363 |
||